Diplomacia v 140 znakoch

Analýza twitterovej komunikácie 45. amerického prezidenta Donalda Trumpa (@realDonaldTrump) o Iráne v období 2017-2018 (37 vyselektovaných tweetov). Kvantitatívna a kvalitatívna analýza. Obsahová analýza: sentimentová a emočná.

Gespeichert in:
Bibliographische Detailangaben
1. Verfasser: Maierová, Eva, 1965-
Format: Buchkapitel
Sprache:Slowakisch
Schlagworte:
Tags: Tag hinzufügen
Keine Tags, Fügen Sie das erste Tag hinzu!

MARC

LEADER 00000naa$a2200000$$$4500
001 0248311
005 20240502073955.1
041 0 |a slo 
044 |a SK 
245 1 0 |a Diplomacia v 140 znakoch  |c Eva Maierová 
520 |a Analýza twitterovej komunikácie 45. amerického prezidenta Donalda Trumpa (@realDonaldTrump) o Iráne v období 2017-2018 (37 vyselektovaných tweetov). Kvantitatívna a kvalitatívna analýza. Obsahová analýza: sentimentová a emočná. 
610 2 0 |a diplomacia 
610 2 0 |a jazykoveda 
610 2 0 |a angličtina 
610 2 0 |a komunikácia elektronická 
610 2 0 |a siete sociálne 
610 2 0 |a prezidenti 
610 2 0 |a emócie 
610 2 0 |a bezpečnosť jadrová 
610 2 0 |a terorizmus 
610 2 0 |a politika 
610 2 0 |a politológia 
610 2 0 |a USA 
610 2 0 |a Irán 
100 1 |a Maierová, Eva, 1965-